ბათუმის შოთა რუსთაველის სახელმწიფო უნივერსიტეტის ბიბლიოთეკა

Динамика прецедентных феноменов в языковом сознании представителей русской и грузинской культур / (ბიბ.ჩანაწერი № 52172)

000 -LEADER
fixed length control field 01244nam a2200241Ia 4500
001 - CONTROL NUMBER
control field 19180
003 - CONTROL NUMBER IDENTIFIER
control field GE_BSU
005 - DATE AND TIME OF LATEST TRANSACTION
control field 20210311160614.0
008 - FIXED-LENGTH DATA ELEMENTS--GENERAL INFORMATION
fixed length control field 181216s2015||||ge |||||||||||||| ||rus||
040 ## - CATALOGING SOURCE
Transcribing agency GE_BSU
041 ## - LANGUAGE CODE
Language code of text/sound track or separate title rus
080 ## - UNIVERSAL DECIMAL CLASSIFICATION NUMBER
Universal Decimal Classification number 82 Х-17
100 ## - MAIN ENTRY--PERSONAL NAME
Personal name Халваши, Вепхвия
9 (RLIN) 10428
245 ## - TITLE STATEMENT
Title Динамика прецедентных феноменов в языковом сознании представителей русской и грузинской культур /
Statement of responsibility, etc. Вепхвия Халваши; Научн. руков. М. Арошидзе ; Батумский гос. ун-т им. Шота Руставели.
264 ## - PRODUCTION, PUBLICATION, DISTRIBUTION, MANUFACTURE, AND COPYRIGHT NOTICE
Place of production, publication, distribution, manufacture Батуми :
Name of producer, publisher, distributor, manufacturer Батумский гос. ун-т им. Ш. Руставели,
Date of production, publication, distribution, manufacture, or copyright notice 2015.
300 ## - PHYSICAL DESCRIPTION
Extent 150 стр.
Other physical details 30 см.
653 ## - INDEX TERM--UNCONTROLLED
keyword Динамика прецедентных феноменов в языковом сознании представителей русской и грузинской культур
653 ## - INDEX TERM--UNCONTROLLED
keyword Литературоведение
653 ## - INDEX TERM--UNCONTROLLED
keyword დისერტაცია
653 ## - INDEX TERM--UNCONTROLLED
keyword ლიტმცოდნეობა
700 ## - ADDED ENTRY--PERSONAL NAME
Personal name Арошидзе, М.
Relator term Научн. руководитель
9 (RLIN) 10429
942 ## - ADDED ENTRY ELEMENTS (KOHA)
Koha item type წიგნი
Source of classification or shelving scheme
ეგზემპლარები
Withdrawn status Lost status Source of classification or shelving scheme Damaged status Not for loan Permanent Location Current Location Shelving location Date acquired Full call number Barcode Date last seen Copy number Price effective from Koha item type Public note
          ბათუმის შოთა რუსთაველის სახელმწიფო უნივერსიტეტის მთავარი ბიბლიოთეკა ბათუმის შოთა რუსთაველის სახელმწიფო უნივერსიტეტის მთავარი ბიბლიოთეკა წიგნსაცავი 2018-12-17 82 Х-17 246 დისერტ. 2018-12-17 246 2018-12-17 დისერტაცია